00807nam a2200205Ia 450000500170000000800410001702000230005804000140008108200200009510000170011524500250013225000180015726000600017530000450023549000200028050000620030052100320036265001710039470000360056520240906013116.0220630s9999 xx 000 0 ZUL d a9781775612995qpbk aRDAc3228 aZUL JF MOST223 aMostert, Tim 0aUMandela esikoleni / aFirst edition aCenturion, South Africa;bQualibooks Publishing;c2018. a16 pages;bcolour illustrations;c21 cm. aSpeedy & Madiba aZulu translation from the English of: Mandela at school.  aJuvenilebtitle of the book aMandela, Nelson,—1918-2013—Juvenile literature; Presidents—South Africa—Biography—Juvenile literature; Picture books for childrenzCenturion, South Africa aNgcobo, Mtholeni N.etranslator